00776pam a2200205 4500001000500000005001700005008003900022010001600061043002100077100003200098245006500130260006200195300002100257500007900278500003600357651007100393651005400464700003000518700002200548434120181127173219.0980127s1998 nyu b 000 1 eng a 98010535 an-us---an-us-va1 aCrane, Stephen,d1871-1900.14aThe red badge of courage and other stories /cStephen Crane. aWashington :bOffice of English Language Programs,c2005. a125 p. ;c25 cm. aAmerican Literary Classics for students of English as a foreign Language. aCD Available to Accompany Text. 0aChancellorsville, Battle of, Chancellorsville, Va., 1863vFiction. 0aVirginiaxHistoryyCivil War, 1861-1865vFiction.1 aMellors, Anthony Matthew.1 aRobertson, Fiona.